Every National Olympic Committee Ever - Statistics

General Stats
  • This quiz has been taken 35 times
  • The average score is 167 of 231
Answer Stats
Committee Medals % Correct
United States 2828
96%
China 608
91%
Afghanistan 2
87%
Australia 512
87%
Canada 501
87%
Denmark 195
87%
Finland 470
87%
Greece 116
87%
Iran 69
87%
Iraq 1
87%
Jamaica 78
87%
Japan 497
87%
North Korea 56
87%
Pakistan 10
87%
South Korea 337
87%
Soviet Union 1204
87%
Venezuela 15
87%
Algeria 17
83%
Argentina 74
83%
Austria 319
83%
Bahrain 3
83%
Barbados 1
83%
Belarus 96
83%
Belgium 154
83%
Brazil 129
83%
Bulgaria 224
83%
Chile 13
83%
Cuba 226
83%
Dominica 0
83%
Dominican Republic 7
83%
Ecuador 2
83%
France 840
83%
Germany 855
83%
Guatemala 1
83%
Guyana 1
83%
Haiti 2
83%
India 28
83%
Indonesia 32
83%
Israel 9
83%
Italy 701
83%
Jordan 1
83%
Kazakhstan 72
83%
Kosovo 1
83%
Latvia 28
83%
Mexico 69
83%
Mongolia 26
83%
Nepal 0
83%
Netherlands 415
83%
Panama 3
83%
Poland 307
83%
Russia 546
83%
Saudi Arabia 3
83%
Sweden 652
83%
Tajikistan 4
83%
Turkey 91
83%
Turkmenistan 0
83%
United Team Of Germany 137
83%
Uzbekistan 32
83%
Yemen 0
83%
Albania 0
78%
Andorra 0
78%
Angola 0
78%
Armenia 14
78%
Azerbaijan 42
78%
Bangladesh 0
78%
Bhutan 0
78%
Bosnia and Herzegovina 0
78%
Brunei 0
78%
Cambodia 0
78%
Cape Verde 0
78%
Chad 0
78%
Chinese Taipei 24
78%
Colombia 28
78%
Costa Rica 4
78%
Czech Republic 87
78%
Democratic Republic of the Congo 0
78%
East Germany 519
78%
Egypt 32
78%
Estonia 41
78%
Fiji 1
78%
Gambia 0
78%
Great Britain 883
78%
Honduras 0
78%
Hungary 498
78%
Ireland 31
78%
Ivory Coast 3
78%
Kiribati 0
78%
Kuwait 2
78%
Kyrgyzstan 4
78%
Lebanon 4
78%
Liechtenstein 10
78%
Lithuania 25
78%
Luxembourg 4
78%
Maldives 0
78%
Moldova 5
78%
Morocco 23
78%
New Zealand 120
78%
Niger 2
78%
Nigeria 25
78%
Norway 520
78%
Oman 0
78%
Paraguay 1
78%
Peru 4
78%
Philippines 10
78%
Portugal 24
78%
Qatar 5
78%
Republic of the Congo 0
78%
San Marino 0
78%
Serbia 15
78%
Slovakia 36
78%
Slovenia 40
78%
Somalia 0
78%
South Sudan 0
78%
Sri Lanka 2
78%
Sudan 1
78%
Suriname 2
78%
Switzerland 345
78%
Thailand 33
78%
Vietnam 5
78%
American Samoa 0
74%
Antigua and Barbuda 0
74%
Belize 0
74%
Benin 0
74%
Bolivia 0
74%
Botswana 1
74%
Burundi 2
74%
Cameroon 6
74%
Croatia 44
74%
Czechoslovakia 168
74%
Djibouti 1
74%
El Salvador 0
74%
Eritrea 1
74%
Ethiopia 54
74%
Georgia 32
74%
Ghana 4
74%
Guinea 0
74%
Iceland 4
74%
Kenya 103
74%
Laos 0
74%
Lesotho 0
74%
Liberia 0
74%
Libya 0
74%
Madagascar 0
74%
Malawi 0
74%
Malaysia 11
74%
Mozambique 2
74%
Myanmar 0
74%
Nauru 0
74%
Nicaragua 0
74%
North Macedonia 1
74%
Papua New Guinea 0
74%
Republic of China 0
74%
Romania 306
74%
Saint Kitts and Nevis 0
74%
Saint Lucia 0
74%
Senegal 1
74%
Seychelles 0
74%
Singapore 5
74%
South Africa 86
74%
Spain 154
74%
Syria 3
74%
Togo 1
74%
Tonga 1
74%
Trinidad and Tobago 19
74%
Tunisia 13
74%
Uganda 7
74%
Ukraine 128
74%
United Arab Emirates 2
74%
Uruguay 10
74%
Yugoslavia 94
74%
Zambia 2
74%
Zimbabwe 8
74%
Bahamas 14
70%
Burkina Faso 0
70%
Central African Republic 0
70%
Comoros 0
70%
Cyprus 1
70%
Eswatini 0
70%
Gabon 1
70%
Grenada 2
70%
Guinea-Bissau 0
70%
Mali 0
70%
Marshall Islands 0
70%
Mauritania 0
70%
Mauritius 1
70%
Micronesia 0
70%
Montenegro 1
70%
Rwanda 0
70%
Saint Vincent and the Grenadines 0
70%
Samoa 1
70%
Sierra Leone 0
70%
Solomon Islands 0
70%
Tanzania 2
70%
Tuvalu 0
70%
Vanuatu 0
70%
West Germany 243
70%
East Timor 0
65%
Equatorial Guinea 0
65%
Monaco 0
65%
Namibia 4
65%
Palau 0
65%
São Tomé and Príncipe 0
65%
Malta 0
61%
Palestine 0
61%
Puerto Rico 9
61%
Bermuda 1
57%
Cook Islands 0
57%
Hong Kong 3
57%
Serbia and Montenegro 2
57%
Aruba 0
52%
British Virgin Islands 0
52%
Guam 0
52%
United States Virgin Islands 1
52%
Cayman Islands 0
48%
Korea 0
43%
North Yemen 0
30%
South Yemen 0
30%
Australasia 12
26%
British West Indies 2
26%
Unified Team 135
26%
Netherlands Antilles 1
22%
Olympic Athletes From Russia 17
22%
Russian Empire 8
22%
Bohemia 4
17%
Mixed Team 17
17%
Refugee Olympic Team 0
17%
Independent Olympic Athletes 2
13%
Independent Olympic Participants 3
13%
Malaya 0
13%
North Borneo 0
13%
Saar 0
13%
No matching quizzes found
Score Distribution
Percent of People with Each Score
Percentile by Number Answered
Your Score History
You have not taken this quiz